Hydrogenolýza prírodných polyolov na katalyzátoroch obsahujúcich Cu

Enregistré dans:
Détails bibliographiques
Auteur principal: Žiačková, Katarína (Auteur)
Autres auteurs: Kaszonyi, Alexander, 1950- (Directeur de thèse)
Format: Manuscrit Livre
Langue:slovaque
Publié: 2015
Sujets:
Accès en ligne:http://is.stuba.sk/zp/portal_zp.pl?podrobnosti=113054
Tags: Ajouter un tag
Pas de tags, Soyez le premier à ajouter un tag!

MARC

LEADER 00000ntm a22000003a 4500
001 stuzp53084
003 SK-STU
005 20160719154356.4
007 ta
008 150427s2015----xo-----f-mn---000-0-slo-d
040 |a STU  |b slo 
041 0 |a slo 
100 1 |a Žiačková, Katarína  |u 048130  |4 aut  |U FCHPT Ústav organickej chémie, katalýzy a petrochémie  |T FCHPT Oddelenie organickej technológie  |X 43404  |U C8130  |Y 123  |7 43404 
242 0 1 |a Hydrogenolysis of natural palyols using catalysts containing Cu  |y eng 
245 1 0 |a Hydrogenolýza prírodných polyolov na katalyzátoroch obsahujúcich Cu 
260 |c 2015 
650 4 |a hydrogenolýza  |2 slo 
650 4 |a glycerol  |2 slo 
650 4 |a 1,2-propándiol  |2 slo 
650 4 |a kyslosť  |2 slo 
650 4 |a glycerol  |2 eng 
650 4 |a hydrogenolysis  |2 eng 
650 4 |a 1,2-propanediol  |2 eng 
650 4 |a acidity  |2 eng 
700 1 |a Kaszonyi, Alexander,  |d 1950-  |4 ths  |X 3295  |7 A000003295 
856 4 |u http://is.stuba.sk/zp/portal_zp.pl?podrobnosti=113054 
SQL |a stuzp53084  |b DDP  |c SLO  |d Hydrogenolýza prírodných polyolov na katalyzátoroch obsahujúcich Cu  |e 43404  |f Žiačková, Katarína  |g 048130  |h 3295  |i Kaszonyi, Alexander  |j 20150608  |k 117  |l 04  |m http://is.stuba.sk/zp/portal_zp.pl?podrobnosti=113054  |n I-CHTI  |o 5.2.18. chemické technológie